Riconosci la Squadra di calcio - Quiz n°286 - Statistics

Statistiche generali
  • Questo quiz è stato fatto 2 volte
  • Il punteggio medio è 5 su 10
Statistiche sulle risposte
Indizio Risposta % Corretto
Simboli Coccinella
100%
Confederazione CONMEBOL
100%
Colori sociali Rosso
100%
Trofei internazionali 1 Coppe Libertadores 1 Coppa Interamericana
50%
Titoli nazionali 3 Campionati argentini
50%
Divisione nazionale 2023-2024 Prima
50%
Trofei nazionali 0
0%
Fondazione 1904
0%
Capienza Stadio 24 800 posti
0%
Squadra Argentinos Juniors
0%
Nessun quiz corrispondente trovato
Distribuzione punteggi
Percentuale di utenti per punteggio
Percentile per numero di risposta
I tuoi punteggi nel tempo
Non hai fatto questo quiz